Statistics for London Underground - Piccadilly Line

Click here to take the quiz!

General Stats

  • This quiz has been taken 146 times
  • The average score is 30 of 53

Answer Stats

Station% Correct
Cockfosters
84%
Green Park
76%
Earl's Court
73%
Piccadilly Circus
73%
Arnos Grove
69%
Knightsbridge
69%
Leicester Square
67%
Hyde Park Corner
65%
Heathrow Terminal 4
63%
Heathrow Terminal 5
63%
Russell Square
63%
South Ealing
63%
Hatton Cross
61%
King's Cross St Pancras
61%
Uxbridge
61%
Bounds Green
59%
Caledonian Road
59%
Covent Garden
59%
Hammersmith
59%
Holloway Road
59%
North Ealing
59%
Ruislip
59%
Wood Green
59%
Holborn
57%
Hounslow Central
57%
Hounslow West
57%
Osterley
57%
Finsbury Park
55%
Gloucester Road
55%
Hounslow East
55%
Oakwood
55%
South Kensington
55%
Acton Town
53%
Arsenal
53%
Barons Court
53%
Boston Manor
53%
Rayners Lane
53%
Ruislip Manor
53%
Ealing Commmon
51%
Turrnham Green
51%
Heathrow Terminals 2 & 3
49%
Hillingdon
49%
Southgate
49%
Alperton
47%
Manor House
47%
Turnpike Lane
47%
Sudbury Town
45%
Eastcote
43%
Sudbury Hill
43%
Ickenham
41%
Northfields
41%
Park Royal
41%
South Harrow
41%

Score Distribution

Percentile by Number Answered

Percent of People with Each Score

Your Score History

You have not taken this quiz